Issues in International Taxation and the Role of the IMF.

In the discussion of the Board work program on June 3, 2013, it was urged that the Fund be more present in current discussions of international tax issues. This note reviews key issues and initiatives in this area, and sets out a work plan that is focused on the Fund's mandate and macroeconomic...

Descrición completa

Detalles Bibliográficos
Autor Corporativo: International Monetary Fund
Formato: Revista
Idioma:English
Publicado: Washington, D.C. : International Monetary Fund, 2013.
Series:Policy Papers; Policy Paper ; No. 2013/057
Acceso en liña:Full text available on IMF
LEADER 01394cas a2200241 a 4500
001 AALejournalIMF020259
008 230101c9999 xx r poo 0 0eng d
020 |c 5.00 USD 
020 |z 9781498341578 
022 |a 2663-3493 
040 |a BD-DhAAL  |c BD-DhAAL 
110 2 |a International Monetary Fund. 
245 1 0 |a Issues in International Taxation and the Role of the IMF. 
264 1 |a Washington, D.C. :  |b International Monetary Fund,  |c 2013. 
300 |a 1 online resource (19 pages) 
490 1 |a Policy Papers 
500 |a <strong>Off-Campus Access:</strong> No User ID or Password Required 
500 |a <strong>On-Campus Access:</strong> No User ID or Password Required 
506 |a Electronic access restricted to authorized BRAC University faculty, staff and students 
520 3 |a In the discussion of the Board work program on June 3, 2013, it was urged that the Fund be more present in current discussions of international tax issues. This note reviews key issues and initiatives in this area, and sets out a work plan that is focused on the Fund's mandate and macroeconomic expertise and that complements the work of other institutions, notably the OECD. 
538 |a Mode of access: Internet 
830 0 |a Policy Papers; Policy Paper ;  |v No. 2013/057 
856 4 0 |z Full text available on IMF  |u http://elibrary.imf.org/view/journals/007/2013/057/007.2013.issue-057-en.xml  |z IMF e-Library